Psychology and the environment (Record no. 411102)

000 -LEADER
fixed length control field 00355cam a22001337a 4500
008 - FIXED-LENGTH DATA ELEMENTS--GENERAL INFORMATION
fixed length control field 180718b1976 xxu||||| |||| 00| 0 eng d
020 ## - INTERNATIONAL STANDARD BOOK NUMBER
International Standard Book Number 0 416 81920 6
082 ## - DEWEY DECIMAL CLASSIFICATION NUMBER
Classification number O91 L815
100 ## - MAIN ENTRY--PERSONAL NAME
Personal name Lee, Terence
245 ## - TITLE STATEMENT
Title Psychology and the environment
Statement of responsibility, etc. by Terence Lee
260 ## - PUBLICATION, DISTRIBUTION, ETC.
Place of publication, distribution, etc. London
Name of publisher, distributor, etc. Methuen
Date of publication, distribution, etc. 1976
300 ## - PHYSICAL DESCRIPTION
Extent 143p
650 ## - SUBJECT ADDED ENTRY--TOPICAL TERM
Topical term or geographic name entry element Environment-Psychology.
Holdings
Withdrawn status Lost status Damaged status Not for loan Permanent Location Current Location Date acquired Full call number Barcode Date last seen Price effective from Koha item type
        Indian Institute of Public Administration Indian Institute of Public Administration 2009-01-28 O91 L815 DA4867 2018-07-21 2018-07-21 DA

Powered by Koha